| 000 | 01340cab a2200229 4500 | ||
|---|---|---|---|
| 001 | ABS68719 | ||
| 008 | 050215n2005 000 0 eng u | ||
| 035 | _a(Sirsi) u128804 | ||
| 100 | _aThurstain-Goodwin, M. | ||
| 245 | _aBeyond the boundaries | ||
| 260 | _c2005 | ||
| 490 |
_aGIS Professional _v(2) January/February 2005, 28-29(2) |
||
| 520 | _aExplains how GIS technology enables our understanding of town centres to move beyond their boundaries towards a true sense of place. GIS has helped major retailers plan out of town supermalls such as Bluewater and provided insights into their impacts on the urban economy. Gives an overview of post-war retail development up to PPG6, which succeeded in protecting town centre retail activity from the adverse effects of out of town development - the doughnut effect. Describes the ODPM's town centre programme undertaken to collect statistics on town centres and the wider retail economy, where GIS modelling was used rather than undertaking a new census. GIS is shifting from defining town centres to helping describe them. | ||
| 590 | _aABS | ||
| 650 | _aGIS | ||
| 650 | _aTOWN CENTRES | ||
| 650 | _aSHOPPING CENTRE DEVELOPMENT | ||
| 650 | _aPLANNING POLICY GUIDANCE NOTE SIX | ||
| 650 | _aURBAN GROWTH | ||
| 690 | _aPROPERTY-COMMERCIAL PROPERTY-RETAIL PROPERTY | ||
| 942 | _n0 | ||
| 999 |
_c74798 _d74798 |
||